000 00278nam a2200097Ia 4500
001 967706
005 20250826220329.0
008 250824s9999 xx 000 0 und d
245 0 _aÇOCUK EĞİTİMİNDE 100 MUCİZE ÇÖZÜM
_cHATİCE KÜBRA TONGAR
260 _bHAYY KİTAP YAYINLARI
999 _c967706
_d967706